[Event "NATO-ch 33rd"]
[Site "Portoroz"]
[Date "2023.09.08"]
[Round "7"]
[White "Stuhr, Finn"]
[Black "Graham, Frazer"]
[Result "0-1"]
[WhiteElo "1701"]
[BlackElo "1823"]
[PlyCount "112"]
[EventDate "2023.09.04"]
[EventType "swiss"]
[EventRounds "7"]
[EventCountry "SLO"]
[SourceTitle "EXT 2024"]
[Source "ChessBase"]
[SourceDate "2023.10.10"]
[SourceVersion "1"]
[SourceVersionDate "2023.10.10"]
[SourceQuality "1"]

1. e4 c5 2. Nc3 a6 3. a4 g6 4. Bc4 Bg7 5. Nf3 Nc6 6. 0-0 Nf6 7. Re1 d6 8. h3 0-0 9. d3 Nd4 10. Be3 e5 11. Nd5 Be6 12. Bg5 Bxd5 13. Bxd5 Ne6 14. Bh4 Qd7 15. Bb3 h6 16. Bg3 Kh7 17. c3 Nh5 18. Bh2 Nhf4 19. Bxe6 Nxe6 20. Nh4 Qe7 21. Qg4 h5 22. Qg3 Bh6 23. f3 Bg5 24. Nxg6 fxg6 25. Qf2 Rf7 26. Rf1 Raf8 27. Rad1 Nf4 28. Bxf4 Bxf4 29. d4 Qg5 30. Rde1 Bg3 31. Qe3 Qxe3+ 32. Rxe3 cxd4 33. cxd4 exd4 34. Rd3 Bf4 35. Kh1 Be3 36. Rb3 Rc8 37. Re1 Rc4 38. h4 Bf2 39. Rd1 Rc2 40. Kh2 Kh6 41. Kh3 Rf4 42. g3 Rf7 43. f4 Re7 44. Rb6 Rxe4 45. Rxd6 Re3 46. f5 Rxg3+ 47. Kh2 Rg4 48. Rxg6+ Rxg6 49. fxg6 Kxg6 50. b3 Kf5 51. Rf1 Kg4 52. Kg2 Bxh4+ 53. Kg1 Bg5 54. Kh1 Be3 55. Re1 Kg3 56. Rc1 Rxc1# 0-1

[Event "UK Armed Forces-ch"]
[Site "Wittering"]
[Date "2023.04.16"]
[Round "6"]
[White "Johnston, Kieran"]
[Black "Graham, Frazer"]
[Result "0-1"]
[WhiteElo "1396"]
[BlackElo "1967"]
[PlyCount "70"]
[EventDate "2023.04.14"]
[EventType "swiss"]
[EventRounds "7"]
[EventCountry "ENG"]
[SourceTitle "EXT 2024"]
[Source "ChessBase"]
[SourceDate "2023.10.10"]
[SourceVersion "1"]
[SourceVersionDate "2023.10.10"]
[SourceQuality "1"]

1. d4 d5 2. Bf4 Nf6 3. Nd2 c5 4. e3 cxd4 5. exd4 Qb6 6. Nb3 Bf5 7. c3 Nbd7 8. Bd3 Bxd3 9. Qxd3 a5 10. Qc2 a4 11. Nd2 Qa6 12. a3 g6 13. h3 Bg7 14. Ndf3 0-0 15. Qe2 Qa5 16. Ne5 Nxe5 17. Bxe5 Ne4 18. Bxg7 Kxg7 19. Qd3 Qb6 20. Rb1 Ra5 21. Ne2 Nd6 22. 0-0 Nc4 23. Qc2 Rb5 24. Qxa4 Nd2 25. Qc2 Nxf1 26. Kxf1 Qf6 27. Nc1 Rc8 28. Qe2 Rb6 29. Nd3 Rxc3 30. Ne5 Qf5 31. Re1 Rc2 32. Qe3 Rbxb2 33. Ng4 h5 34. Qe5+ Qxe5 35. Nxe5 Rxf2+ 0-1

[Event "UK Armed Forces-ch"]
[Site "Wittering"]
[Date "2023.04.15"]
[Round "3"]
[White "Graham, Frazer"]
[Black "Cooney, Jack"]
[Result "1-0"]
[WhiteElo "1967"]
[BlackElo "1130"]
[PlyCount "71"]
[EventDate "2023.04.14"]
[EventType "swiss"]
[EventRounds "7"]
[EventCountry "ENG"]
[SourceTitle "EXT 2024"]
[Source "ChessBase"]
[SourceDate "2023.10.10"]
[SourceVersion "1"]
[SourceVersionDate "2023.10.10"]
[SourceQuality "1"]

1. d4 d5 2. Nf3 Nf6 3. Bg5 e6 4. Nbd2 Be7 5. e3 0-0 6. Bd3 Nbd7 7. c3 c5 8. 0-0 b6 9. Ne5 Bb7 10. Qa4 Nxe5 11. dxe5 Nd7 12. Qh4 f5 13. Bxe7 Qe8 14. Bxf8 Qxf8 15. f4 c4 16. Bc2 b5 17. Nf3 Qc5 18. Nd4 Nf8 19. g4 g6 20. gxf5 exf5 21. Rf3 b4 22. Rg3 bxc3 23. bxc3 Qa3 24. Nxf5 Nd7 25. Qh6 Qf8 26. Qxf8+ Rxf8 27. Nd6 Ba6 28. Rb1 d4 29. exd4 Rxf4 30. Rf1 Rxf1+ 31. Kxf1 Nb6 32. Be4 Na4 33. Rf3 Nb2 34. e6 Nd3 35. e7 Bb5 36. Nxb5 1-0

[Event "NATO-ch 31st"]
[Site "Blankenberge"]
[Date "2021.10.13"]
[Round "4.36"]
[White "Middaugh, Jon S"]
[Black "Graham, Frazer"]
[Result "0-1"]
[WhiteElo "1899"]
[BlackElo "1751"]
[PlyCount "100"]
[EventDate "2021.10.11"]
[EventType "team-swiss"]
[EventRounds "7"]
[EventCountry "BEL"]
[SourceTitle "CBM 204 Extra"]
[Source "ChessBase"]
[SourceDate "2021.11.30"]
[SourceVersion "1"]
[SourceVersionDate "2021.11.30"]
[SourceQuality "1"]
[WhiteTeam "NATO II"]
[BlackTeam "Great Britain"]
[BlackTeamCountry "GBR"]

1. Nf3 Nf6 2. g3 d5 3. Bg2 Nbd7 4. d4 e6 5. 0-0 Bd6 6. c4 c6 7. Re1 0-0 8. Nc3 dxc4 9. e4 e5 10. Qe2 b5 11. a4 Bb4 12. dxe5 Bxc3 13. bxc3 Ng4 14. Bf4 Re8 15. Red1 Qb6 16. Rd6 Ngxe5 17. Nxe5 Nxe5 18. Bxe5 Rxe5 19. axb5 Rxb5 20. Qxc4 Be6 21. Qd4 Rb1+ 22. Rxb1 Qxb1+ 23. Qd1 Qxd1+ 24. Rxd1 a5 25. e5 Bb3 26. Ra1 a4 27. Ra3 Rc8 28. Kf1 c5 29. Ke2 Re8 30. Kd2 Rxe5 31. Bc6 c4 32. f4 Rh5 33. h4 Rh6 34. Be4 Rd6+ 35. Ke3 Rd1 36. g4 g6 37. f5 Kf8 38. Kf4 Ke7 39. Kg5 Rc1 40. Kh6 Rxc3 41. fxg6 hxg6 42. Bc6 Rc2 43. Bxa4 Ra2 44. Rxb3 cxb3 45. Bxb3 Rb2 46. Bd1 Kf6 47. Kh7 Rh2 48. h5 gxh5 49. gxh5 Kg5 50. Kg7 f5 0-1

[Event "NATO-ch 31st"]
[Site "Blankenberge"]
[Date "2021.10.11"]
[Round "1.31"]
[White "Graham, Frazer"]
[Black "Tocco, Paolo"]
[Result "0-1"]
[WhiteElo "1751"]
[BlackElo "2034"]
[PlyCount "80"]
[EventDate "2021.10.11"]
[EventType "team-swiss"]
[EventRounds "7"]
[EventCountry "BEL"]
[SourceTitle "CBM 204 Extra"]
[Source "ChessBase"]
[SourceDate "2021.11.30"]
[SourceVersion "1"]
[SourceVersionDate "2021.11.30"]
[SourceQuality "1"]
[WhiteTeam "Great Britain"]
[BlackTeam "Italy"]
[WhiteTeamCountry "GBR"]
[BlackTeamCountry "ITA"]

1. e4 d5 2. exd5 Nf6 3. Bb5+ Nbd7 4. d4 Nxd5 5. Nf3 c6 6. Be2 g6 7. 0-0 Bg7 8. c4 N5f6 9. Nc3 0-0 10. h3 Qa5 11. Bf4 Rd8 12. Bd3 Nf8 13. Re1 Ne6 14. Re5 Qb4 15. a3 Qd6 16. Bh2 Qd7 17. d5 Nc5 18. Qe2 Nxd3 19. Rxe7 Qf5 20. g4 Nf4 21. Bxf4 Qxf4 22. Ne5 cxd5 23. Nxf7 Rf8 24. g5 Rxf7 25. gxf6 Bxh3 26. Re3 Bg4 27. Nxd5 Bxe2 28. Nxf4 Bh6 29. Rxe2 Bxf4 30. Rae1 Raf8 31. Re7 Bd6 32. R7e6 Rxf6 33. b4 b6 34. Rxf6 Rxf6 35. Re8+ Bf8 36. Ra8 Rf7 37. Rc8 Kg7 38. c5 bxc5 39. bxc5 Kf6 40. c6 Bxa3 0-1